[Event "BCF-chT4S 1920 (4NCL)"]
[Site "England"]
[Date "2019.11.10"]
[Round "2.76"]
[White "Cuthbert, Larissa"]
[Black "Graham, William M"]
[Result "0-1"]
[WhiteElo "1034"]
[BlackElo "1990"]
[PlyCount "70"]
[EventDate "2019.11.09"]
[EventType "team-swiss"]
[EventRounds "11"]
[EventCountry "ENG"]
[SourceTitle "EXT 2022"]
[Source "ChessBase"]
[SourceDate "2021.10.06"]
[SourceVersion "1"]
[SourceVersionDate "2021.10.06"]
[SourceQuality "1"]
[WhiteTeam "Wessex IV"]
[BlackTeam "Sussex Martlets II"]
[WhiteTeamCountry "ENG"]
[BlackTeamCountry "ENG"]

1. e4 e6 2. d4 d5 3. Nc3 Nf6 4. e5 Nfd7 5. f4 c5 6. Nf3 Nc6 7. Be3 Be7 8. Qd2 0-0 9. 0-0-0 a6 10. Qf2 cxd4 11. Nxd4 Nxd4 12. Bxd4 Qa5 13. Qg3 f6 14. Qg4 f5 15. Qf3 b5 16. Kb1 b4 17. Ne2 Nc5 18. Bxc5 Bxc5 19. Nd4 Qb6 20. Nb3 Be7 21. h4 a5 22. Rh3 a4 23. Na1 Ba6 24. h5 Rfc8 25. Bd3 a3 26. b3 Qd4 27. Kc1 Qxa1+ 28. Kd2 Qc3+ 29. Kc1 Bxd3 30. Qxd3 Qb2+ 31. Kd2 Rc3 32. Qb5 Qxc2+ 33. Ke1 Rxh3 34. gxh3 Bh4+ 35. Kf1 Qf2# 0-1

[Event "BCF-chT4S 1920 (4NCL)"]
[Site "England"]
[Date "2019.11.09"]
[Round "1.36"]
[White "Graham, William M"]
[Black "Smith, Richard W"]
[Result "0-1"]
[WhiteElo "1990"]
[BlackElo "1795"]
[PlyCount "184"]
[EventDate "2019.11.09"]
[EventType "team-swiss"]
[EventRounds "11"]
[EventCountry "ENG"]
[SourceTitle "EXT 2022"]
[Source "ChessBase"]
[SourceDate "2021.10.06"]
[SourceVersion "1"]
[SourceVersionDate "2021.10.06"]
[SourceQuality "1"]
[WhiteTeam "Sussex Martlets II"]
[BlackTeam "Wessex III"]
[WhiteTeamCountry "ENG"]
[BlackTeamCountry "ENG"]

1. c4 Nf6 2. Nc3 e6 3. e4 c5 4. g3 Nc6 5. Bg2 Rb8 6. Nge2 a6 7. a4 Qa5 8. 0-0 b5 9. cxb5 axb5 10. Nxb5 Rxb5 11. axb5 Qxa1 12. bxc6 dxc6 13. Qb3 Be7 14. d3 0-0 15. Be3 Qa5 16. Rc1 Ng4 17. d4 Nxe3 18. Qxe3 Rd8 19. dxc5 Ba6 20. Bf1 h6 21. Nf4 e5 22. Nd3 Bxd3 23. Bxd3 Bg5 24. f4 exf4 25. gxf4 Bxf4 26. Qxf4 Rxd3 27. e5 Qd2 28. Rf1 Qxf4 29. Rxf4 Rd5 30. b4 Rxe5 31. Kf2 Kf8 32. Rd4 Re6 33. Kf3 Ke7 34. h4 g5 35. Kg4 f6 36. Kh5 gxh4 37. Rxh4 f5 38. Rf4 Kf6 39. Rd4 Ke5 40. Rd1 f4 41. Kg4 Rg6+ 42. Kf3 Rg3+ 43. Kf2 Rg6 44. Kf3 h5 45. Rh1 Rg3+ 46. Kf2 Rg5 47. Kf3 Kf5 48. Rh3 Ke5 49. Rh1 Rf5 50. Rd1 Rf6 51. Re1+ Kf5 52. Rh1 Kg5 53. Rg1+ Kh6 54. Rd1 Kg5 55. Rg1+ Kf5 56. Rh1 Kg6 57. Rg1+ Kf7 58. Rg5 Rh6 59. Rf5+ Ke6 60. Rg5 h4 61. Kxf4 h3 62. Re5+ Kd7 63. Re1 h2 64. Rh1 Kc7 65. Kg3 Kb7 66. Kg2 Ka6 67. Rb1 Kb5 68. Kh1 Rh4 69. Rb2 Rxb4 70. Rc2 Rc4 71. Rb2+ Kxc5 72. Kxh2 Kd4 73. Kg2 Ke3 74. Rb8 Ke2 75. Re8+ Kd3 76. Kf3 c5 77. Re3+ Kd2 78. Re5 Rc3+ 79. Kf2 c4 80. Rc5 Rc1 81. Rd5+ Kc2 82. Ke2 c3 83. Rd8 Rb1 84. Rd7 Rb3 85. Rh7 Kb2 86. Rc7 Rb6 87. Kd1 Rd6+ 88. Ke2 c2 89. Rb7+ Kc1 90. Rc7 Re6+ 91. Kd3 Kd1 92. Rh7 Rd6+ 0-1

[Event "BCF-chT3Sb 1819 (4NCL)"]
[Site "England"]
[Date "2019.01.12"]
[Round "3.85"]
[White "Szymanski, Mark"]
[Black "Graham, William M"]
[Result "0-1"]
[WhiteElo "1848"]
[BlackElo "2027"]
[PlyCount "34"]
[EventDate "2018.11.17"]
[EventType "team-tourn"]
[EventRounds "7"]
[EventCountry "ENG"]
[SourceTitle "EXT 2021"]
[Source "ChessBase"]
[SourceDate "2020.10.23"]
[SourceVersion "1"]
[SourceVersionDate "2020.10.23"]
[SourceQuality "1"]
[WhiteTeam "Iceni II"]
[BlackTeam "Sussex Martlets II"]
[WhiteTeamCountry "ENG"]
[BlackTeamCountry "ENG"]

1. c4 Nf6 2. g3 g6 3. Bg2 Bg7 4. Nc3 0-0 5. d3 d6 6. e4 e5 7. Nge2 c5 8. 0-0 Nc6 9. h3 Ne8 10. Be3 Nc7 11. Qd2 Ne6 12. f4 Ned4 13. Nd5 Rb8 14. Rf2 exf4 15. Bxf4 b5 16. Bg5 Nxe2+ 17. Qxe2 Qxg5 0-1

[Event "BCF-chT3Sb 1819 (4NCL)"]
[Site "England"]
[Date "2018.11.18"]
[Round "2.65"]
[White "Alizada, Eldar"]
[Black "Graham, William M"]
[Result "1-0"]
[WhiteElo "1978"]
[BlackElo "2027"]
[PlyCount "89"]
[EventDate "2018.11.17"]
[EventType "team-tourn"]
[EventRounds "7"]
[EventCountry "ENG"]
[SourceTitle "EXT 2021"]
[Source "ChessBase"]
[SourceDate "2020.10.23"]
[SourceVersion "1"]
[SourceVersionDate "2020.10.23"]
[SourceQuality "1"]
[WhiteTeam "Oxford II"]
[BlackTeam "Sussex Martlets II"]
[WhiteTeamCountry "ENG"]
[BlackTeamCountry "ENG"]

1. d4 Nf6 2. c4 g6 3. Nc3 Bg7 4. e4 d6 5. f3 0-0 6. Be3 e5 7. d5 c6 8. Bd3 Na6 9. Nge2 Bd7 10. Qd2 Nb4 11. Bb1 cxd5 12. cxd5 a5 13. 0-0 Rc8 14. a3 Na6 15. Bc2 Be8 16. Rfc1 Nd7 17. Nb5 Ndc5 18. Nec3 f5 19. exf5 gxf5 20. Kh1 b6 21. Bg5 Qd7 22. Qf2 h6 23. Bh4 Bf6 24. Qg3+ Kh7 25. Bxf6 Rxf6 26. Qh4 Qd8 27. g4 Bd7 28. Rg1 Qf8 29. Qh5 Re8 30. gxf5 Re7 31. Nxd6 Nb3 32. Rad1 Nd4 33. Bb1 Nc5 34. Nde4 Bxf5 35. Nxf6+ Qxf6 36. Ne4 Qf8 37. Nxc5 bxc5 38. Bxf5+ Nxf5 39. d6 Rd7 40. Qg6+ Kh8 41. Qe6 Nxd6 42. Qxe5+ Kh7 43. Rg3 Rf7 44. Qxd6 Qa8 45. Qg6+ 1-0

[Event "BCF-chT3Sb 1718 (4NCL)"]
[Site "England"]
[Date "2018.02.10"]
[Round "5.83"]
[White "Davies, Matthew"]
[Black "Graham, William M"]
[Result "1-0"]
[WhiteElo "1939"]
[BlackElo "1886"]
[PlyCount "69"]
[EventDate "2017.11.11"]
[EventType "team-tourn"]
[EventRounds "11"]
[EventCountry "ENG"]
[SourceTitle "EXT 2020"]
[Source "ChessBase"]
[SourceDate "2019.10.17"]
[SourceVersion "1"]
[SourceVersionDate "2019.10.17"]
[SourceQuality "1"]
[WhiteTeam "West is Best III"]
[BlackTeam "Sussex Martlets II"]
[WhiteTeamCountry "WLS"]
[BlackTeamCountry "ENG"]

1. d4 Nf6 2. c4 g6 3. Nc3 Bg7 4. e4 d6 5. Nf3 0-0 6. Be2 e5 7. 0-0 Nc6 8. d5 Ne7 9. Nd2 Ne8 10. b4 f5 11. a4 Rf7 12. Ba3 Bf8 13. Rc1 Rg7 14. c5 g5 15. Qb3 g4 16. cxd6 cxd6 17. exf5 Nxf5 18. Bd3 Nd4 19. Qd1 Nf6 20. Nde4 Nh5 21. Ne2 Nf5 22. b5 Nf6 23. Rc3 Nxe4 24. Bxe4 Nh4 25. Qc2 Bd7 26. Rc7 Rb8 27. Ng3 a6 28. b6 Qe8 29. a5 Ng6 30. Nf5 Bxf5 31. Bxf5 Ne7 32. Be6+ Kh8 33. Qb3 Ng6 34. Rxg7 Bxg7 35. Bxd6 1-0

[Event "GBR-ch Major 104th"]
[Site "Llandudno"]
[Date "2017.08.05"]
[Round "8"]
[White "Edwards, Simon R"]
[Black "Graham, William M"]
[Result "0-1"]
[WhiteElo "1973"]
[BlackElo "1840"]
[PlyCount "70"]
[EventDate "2017.07.29"]
[EventType "swiss"]
[EventRounds "9"]
[EventCountry "WLS"]
[SourceTitle "CBM 179 Extra"]
[Source "ChessBase"]
[SourceDate "2017.08.23"]
[SourceVersion "1"]
[SourceVersionDate "2017.08.23"]
[SourceQuality "1"]

1. d4 Nf6 2. c4 g6 3. Nc3 Bg7 4. e4 d6 5. Nf3 0-0 6. Be2 e5 7. 0-0 Nc6 8. d5 Ne7 9. b4 Ne8 10. c5 f5 11. Nd2 f4 12. Nc4 Rf7 13. a4 Bf8 14. Ba3 Rg7 15. b5 g5 16. f3 h5 17. Qb3 Ng6 18. b6 cxb6 19. cxd6 Nxd6 20. Nxd6 Bxd6 21. Bxd6 Qxd6 22. Nb5 Qd8 23. Rfd1 g4 24. Rac1 Nh4 25. Rc7 Bd7 26. d6+ Kh8 27. fxg4 hxg4 28. Qc3 Qg5 29. g3 Nf3+ 30. Kg2 Qh5 31. h4 gxh3+ 32. Kh1 fxg3 33. Bxf3 g2+ 34. Kh2 Qg5 35. Rxd7 Qg3+ 0-1

[Event "BCF-chT3S 1617 (4NCL) Demotion pool"]
[Site "England"]
[Date "2017.04.29"]
[Round "9.83"]
[White "Piper, Stephen J"]
[Black "Graham, William M"]
[Result "1-0"]
[WhiteElo "2071"]
[BlackElo "1858"]
[PlyCount "63"]
[EventDate "2016.11.26"]
[EventType "team-tourn"]
[EventRounds "11"]
[EventCountry "ENG"]
[SourceTitle "EXT 2019"]
[Source "ChessBase"]
[SourceDate "2018.10.10"]
[SourceVersion "1"]
[SourceVersionDate "2018.10.10"]
[SourceQuality "1"]
[WhiteTeam "The Rookies"]
[BlackTeam "Sussex Martlets II"]
[WhiteTeamCountry "ENG"]
[BlackTeamCountry "ENG"]

1. c4 Nf6 2. Nc3 g6 3. g3 Bg7 4. Bg2 0-0 5. e4 d6 6. Nge2 c5 7. d3 Nc6 8. h3 Bd7 9. 0-0 Ne8 10. f4 Nc7 11. f5 e6 12. Bf4 Ne5 13. fxg6 hxg6 14. Qd2 Bc6 15. Rad1 d5 16. cxd5 exd5 17. d4 Nc4 18. Qc1 cxd4 19. Nxd4 Bxd4+ 20. Rxd4 Ne6 21. Rd3 Nxf4 22. Qxf4 Nxb2 23. Rd4 Qb6 24. exd5 Bd7 25. Kh2 Rac8 26. Ne4 f5 27. Ng5 Qf6 28. Qh4 Rfe8 29. d6 Re2 30. Qh7+ Kf8 31. Qxd7 Rec2 32. Nh7+ 1-0

[Event "BCF-ch Week2 AM op"]
[Site "Bournemouth"]
[Date "2016.08.03"]
[Round "3"]
[White "Graham, William M"]
[Black "Woodhouse, Stephen V"]
[Result "0-1"]
[WhiteElo "1805"]
[BlackElo "1820"]
[PlyCount "90"]
[EventDate "2016.08.01"]
[EventType "swiss"]
[EventRounds "5"]
[EventCountry "ENG"]
[SourceTitle "CBM 173 Extra"]
[Source "ChessBase"]
[SourceDate "2016.08.29"]
[SourceVersion "1"]
[SourceVersionDate "2016.08.29"]
[SourceQuality "1"]

1. c4 e6 2. g3 d5 3. Bg2 Nf6 4. cxd5 exd5 5. d4 Bd6 6. Nc3 c6 7. Nf3 0-0 8. 0-0 Bf5 9. Nh4 Be6 10. Qc2 Qd7 11. Bg5 Be7 12. Rad1 Bh3 13. Rfe1 Bxg2 14. Kxg2 h6 15. Bc1 Qe6 16. e4 dxe4 17. Nxe4 Nxe4 18. Rxe4 Qd5 19. Kg1 Bxh4 20. Rxh4 f5 21. Qe2 Nd7 22. Qh5 Qf7 23. Qf3 Rae8 24. Qa3 Re4 25. Rxe4 fxe4 26. Be3 Nf6 27. Qb3 Qxb3 28. axb3 Nd5 29. Bd2 Rf3 30. Re1 Rxb3 31. Bc1 Nb4 32. Rxe4 Nd3 33. Be3 Nxb2 34. Re7 Nc4 35. Kf1 Nxe3+ 36. fxe3 Kf8 37. Rc7 a5 38. Rc8+ Ke7 39. Ra8 Rxe3 40. Rxa5 Kd6 41. Ra7 Re7 42. Kf2 Kd5 43. Ra4 b5 44. Ra8 Kxd4 45. Rc8 c5 0-1

[Event "BCF-ch U180"]
[Site "Coventry"]
[Date "2015.07.31"]
[Round "5"]
[White "Pink, Joshua"]
[Black "Graham, William M"]
[Result "1-0"]
[WhiteElo "1826"]
[BlackElo "1916"]
[PlyCount "135"]
[EventDate "2015.07.27"]
[EventType "swiss"]
[EventRounds "5"]
[EventCountry "ENG"]
[SourceTitle "EXT 2016"]
[Source "ChessBase"]
[SourceDate "2015.10.08"]
[SourceVersion "1"]
[SourceVersionDate "2015.10.08"]
[SourceQuality "1"]

1. e4 e6 2. d4 d5 3. Nd2 Nf6 4. e5 Nfd7 5. Bd3 c5 6. c3 Nc6 7. Ne2 cxd4 8. cxd4 f6 9. Nf4 Nxd4 10. Qh5+ Ke7 11. exf6+ Nxf6 12. Ng6+ hxg6 13. Qxh8 Kf7 14. Qh4 e5 15. Nf3 Bb4+ 16. Kf1 e4 17. Nxd4 exd3 18. Nf3 Qe7 19. Be3 Bg4 20. h3 Bxf3 21. gxf3 d2 22. Kg2 Rc8 23. a3 Rc4 24. Qg5 Bc5 25. Bxc5 Qxc5 26. Qxd2 Rc2 27. Rac1 Rxd2 28. Rxc5 Rxb2 29. Re1 Nh5 30. Rc7+ Kf6 31. Rc8 Nf4+ 32. Kg3 Ne6 33. Re8 Rb6 34. Re3 Rd6 35. Rd3 d4 36. Rc8 b6 37. Rc4 Ke5 38. Rd1 Kd5 39. Rc8 Rd7 40. Re8 Nc5 41. f4 Kc4 42. Kg4 Kb3 43. Kg5 d3 44. Kxg6 d2 45. Re2 Ne4 46. Rxe4 Kc2 47. Rxd2+ Kxd2 48. f5 a5 49. f6 gxf6 50. Kxf6 Rh7 51. h4 Kd3 52. f3 b5 53. Kg6 Rh8 54. h5 Rf8 55. h6 Rxf3 56. Rh4 Rg3+ 57. Kf7 Rf3+ 58. Ke7 Re3+ 59. Kd7 Kc2 60. h7 Rxa3 61. Rh2+ Kb3 62. h8Q b4 63. Rb2+ Ka4 64. Kd6 Rc3 65. Ra2+ Ra3 66. Qg8 Rxa2 67. Qxa2+ Kb5 68. Kd5 1-0

[Event "BCF-ch U180"]
[Site "Coventry"]
[Date "2015.07.28"]
[Round "2"]
[White "Graham, William M"]
[Black "Burke, Mitchell R"]
[Result "0-1"]
[WhiteElo "1916"]
[BlackElo "1966"]
[PlyCount "92"]
[EventDate "2015.07.27"]
[EventType "swiss"]
[EventRounds "5"]
[EventCountry "ENG"]
[SourceTitle "EXT 2016"]
[Source "ChessBase"]
[SourceDate "2015.10.08"]
[SourceVersion "1"]
[SourceVersionDate "2015.10.08"]
[SourceQuality "1"]

1. e4 c5 2. Nf3 d6 3. d3 Nc6 4. g3 g6 5. Bg2 Bg7 6. c3 e6 7. 0-0 Nge7 8. a4 0-0 9. Na3 Rb8 10. Nc4 b6 11. h4 d5 12. Ncd2 Ba6 13. c4 Nb4 14. Ra3 Nec6 15. Re1 Na5 16. Bf1 Qd7 17. Nb3 dxe4 18. Nxa5 exf3 19. Nb3 Rbd8 20. Nd2 Bb7 21. Ne4 f5 22. Ng5 e5 23. a5 h6 24. Nh3 Kh7 25. axb6 axb6 26. Bd2 Nc6 27. Rb3 Qc7 28. Bc3 Nd4 29. Bxd4 Rxd4 30. Qc2 Bf6 31. Qc1 Rg8 32. Ra3 Rg7 33. Ra7 Qb8 34. Qa1 Rg4 35. Kh2 e4 36. dxe4 fxe4 37. Ra3 Rxh4 38. Kg1 Rg4 39. Kh2 Be5 40. Rb3 Bc7 41. Qd1 Qc8 42. Qd2 Qf5 43. Qe3 Qf6 44. Rd1 h5 45. Kh1 h4 46. gxh4 Qe5 0-1

[Event "BCF-ch U180"]
[Site "Coventry"]
[Date "2015.07.27"]
[Round "1"]
[White "Horlock, Peter J"]
[Black "Graham, William M"]
[Result "0-1"]
[WhiteElo "1600"]
[BlackElo "1916"]
[PlyCount "44"]
[EventDate "2015.07.27"]
[EventType "swiss"]
[EventRounds "5"]
[EventCountry "ENG"]
[SourceTitle "EXT 2016"]
[Source "ChessBase"]
[SourceDate "2015.10.08"]
[SourceVersion "1"]
[SourceVersionDate "2015.10.08"]
[SourceQuality "1"]

1. e4 e6 2. d4 d5 3. exd5 exd5 4. Nf3 Nc6 5. Be2 Nge7 6. 0-0 Bf5 7. c3 Qd7 8. Nbd2 Ng6 9. Nb3 Bd6 10. Bb5 0-0 11. Be3 Bg4 12. Be2 h6 13. Ne5 Ncxe5 14. dxe5 Nxe5 15. Qxd5 Bxe2 16. Rfe1 Bc4 17. Qd2 Qg4 18. Kh1 Qh5 19. Bf4 Nf3 20. gxf3 Qxf3+ 21. Kg1 Bxf4 22. Nd4 Qg4+ 0-1

[Event "BCF-chT3 1415 (4NCL)"]
[Site "England"]
[Date "2015.03.22"]
[Round "9.60"]
[White "Graham, William M"]
[Black "Klingher, Cameron"]
[Result "1-0"]
[WhiteElo "1845"]
[BlackElo "1442"]
[PlyCount "119"]
[EventDate "2015.03.21"]
[EventType "team-swiss"]
[EventRounds "11"]
[EventCountry "ENG"]
[SourceTitle "EXT 2016"]
[Source "ChessBase"]
[SourceDate "2015.10.08"]
[SourceVersion "1"]
[SourceVersionDate "2015.10.08"]
[SourceQuality "1"]
[WhiteTeam "Sussex Martlets II"]
[BlackTeam "Barnet Knights III"]
[WhiteTeamCountry "ENG"]
[BlackTeamCountry "ENG"]

1. e4 e6 2. d3 d5 3. Nd2 Bd6 4. g3 Nc6 5. Bg2 Nf6 6. Ngf3 e5 7. 0-0 0-0 8. Re1 h6 9. c3 Be6 10. Nf1 Bc5 11. exd5 Nxd5 12. Nxe5 Nxe5 13. Rxe5 Qf6 14. d4 Rfe8 15. Bxd5 Bd6 16. Bxe6 Bxe5 17. Bxf7+ Qxf7 18. dxe5 Rxe5 19. Bf4 Re6 20. Qb3 Rf8 21. Nd2 g5 22. Be3 c6 23. Rf1 a6 24. Qc4 b5 25. Qb3 Kh7 26. Nf3 g4 27. Nd4 Rf6 28. Qxf7+ R8xf7 29. Kg2 c5 30. Nb3 c4 31. Nd4 h5 32. Bf4 h4 33. h3 hxg3 34. Bxg3 gxh3+ 35. Kxh3 Rh6+ 36. Kg2 Rf8 37. f4 Rb8 38. f5 Rf6 39. Bxb8 Rf8 40. Bg3 Rf6 41. Kf3 Kg8 42. Kf4 Kf7 43. Re1 b4 44. Re6 bxc3 45. bxc3 a5 46. Bh4 Rxe6 47. fxe6+ Ke8 48. e7 a4 49. Nb5 a3 50. Nxa3 Kd7 51. Nxc4 Ke8 52. a4 Kd7 53. a5 Ke8 54. a6 Kd7 55. a7 Ke8 56. a8Q+ Kf7 57. Qf8+ Kg6 58. Qf6+ Kh7 59. e8N Kg8 60. Qg7# 1-0